000 01781 a2200217 4500
020 _a0750640332
020 _a9780750640336
090 _c2100
_d2100
100 1 _aHines, Tony.
245 1 0 _aManagement information for marketing and sales 98/99, fourth edition /
_cTony Hines.
250 _a4th ed.
260 _a[S.l.] :
_bButterworth-Heinemann,
_c1998.
300 _a200 p.
490 1 _aCim student workbook: advanced certificate.
500 _aPaperback.
520 _aThe latest, fully updated edition of this popular workbook, containing the most recent exam questions and specimen answers from the senior examiner. Management Information for Marketing and Sales comprehensively covers the CIM syllabus. It is endorsed and recommended by Trevor Watkins, the CIM Chief examiner. Written to help you pass first time, the text layout is lively and interactive. Each Unit has the same structure to make learning easier and more consistent. Units contain: * Unit objectives to make planning your time easier * Unit tasks to help you test what you've learnt * practical examples and case studies to relate theory to practice * helpful questions to test your knowledge * where to find help if you're stuck * succinct chapter summaries * revision tips to get you through the exam Quotes from users of the first editions include: 'The layout of this study text was easier to follow compared to others used.' 'Very thorough and complete.' Essential Reading in the CIM Recommended Reading list.
830 0 _aCim student workbook: advanced certificate.
856 4 0 _3Amazon.com
_uhttp://www.amazon.com/exec/obidos/ASIN/0750640332/chopaconline-20
856 4 0 _3Amazon customer reviews
_uhttp://www.chopac.org/cgi-bin/tools/azrev.pl?q=0750640332
942 _aNBS
_cBK
_k658.8 HIN
999 _c344603
_d344603